[Event "IV Torneo Parthenope"]
[Site "Napoli ITA"]
[Date "2012.04.19"]
[Round "4"]
[White "Vannini, Aldo"]
[Black "Vena, Antonio"]
[Result "0-1"]
[WhiteElo "1798"]
[BlackElo "1778"]
[PlyCount "95"]
[EventDate "2012.03.22"]

1. d4 Nf6 2. Bf4 d6 3. e3 Nbd7 4. Nf3 g6 5. c3 Bg7 6. h3 O-O 7. Bc4 c5 8. O-O
a6 9. a4 Rb8 10. Nbd2 b5 11. axb5 axb5 12. Be2 Qb6 13. dxc5 Nxc5 14. Nb3 Nxb3
15. Qxb3 Be6 16. Qd1 Bc4 17. Bh2 Bxe2 18. Qxe2 b4 19. Ra6 Qb5 20. Qxb5 Rxb5 21.
c4 Rb7 22. b3 Ne4 23. Rd1 Nc5 24. Ra5 Nxb3 25. Rb5 Rxb5 26. cxb5 Bc3 27. Rb1
Nd2 28. Nxd2 Bxd2 29. e4 Bc3 30. Bf4 Rb8 31. Bc1 Rxb5 32. Kf1 b3 33. Bb2 Bxb2
34. Rxb2 g5 35. Ke2 Kg7 36. Kd3 Kf6 37. Kc3 Ke5 38. f3 h5 39. Kd3 e6 40. Kc3 f5
41. exf5 exf5 42. Re2+ Kf4 43. Kb2 d5 44. Re8 d4 45. Rd8 Ke3 46. g4 fxg4 47. f4
h4 48. hxg4 0-1

[Event "IV Torneo Parthenope"]
[Site "Napoli ITA"]
[Date "2012.04.19"]
[Round "4"]
[White "Vena, Alessio"]
[Black "Somma, Erminio"]
[Result "1-0"]
[WhiteElo "1898"]
[BlackElo "1597"]
[PlyCount "63"]
[EventDate "2012.03.22"]

1. e4 d5 2. exd5 Qxd5 3. Nc3 Qa5 4. d4 Bf5 5. Nf3 e6 6. Bc4 c6 7. O-O Bd6 8.
Bd2 Qc7 9. Re1 Nd7 10. Bb3 Ngf6 11. h3 O-O-O 12. Qe2 Rde8 13. Ne5 Bxe5 14. dxe5
Nd5 15. Na4 N5b6 16. Ba5 Kb8 17. c4 Qc8 18. Qe3 Nxa4 19. Bxa4 b6 20. Bb4 a5 21.
Bd6+ Ka7 22. Qf3 Kb7 23. a3 Nc5 24. Bxc5 bxc5 25. Qe3 Qc7 26. Qxc5 f6 27. Rad1
Re7 28. Rd6 Kb8 29. Rxc6 Qa7 30. Rb6+ Rb7 31. Qd6+ Ka8 32. Ra6 1-0

[Event "IV Torneo Parthenope"]
[Site "Napoli ITA"]
[Date "2012.04.26"]
[Round "5"]
[White "Ambrosio, Giuseppe"]
[Black "Solombrino, Giovanni"]
[Result "0-1"]
[WhiteElo "2079"]
[BlackElo "1822"]
[PlyCount "44"]
[EventDate "2012.03.22"]

1. d4 Nf6 2. Bg5 Ne4 3. Bf4 d5 4. f3 Nf6 5. Nc3 Bf5 6. g4 Bg6 7. h4 h6 8. Qd2
e6 9. O-O-O Bd6 10. Nh3 c5 11. e4 Bxf4 12. Nxf4 cxd4 13. Qxd4 Nc6 14. Qf2 d4
15. Nxg6 fxg6 16. e5 Nd5 17. Nb5 O-O 18. Nxd4 Nxd4 19. Rxd4 Qc7 20. Bd3 Qxe5
21. Bxg6 Nf4 22. Be4 Qxd4 0-1

[Event "IV Torneo Parthenope"]
[Site "Napoli ITA"]
[Date "2012.04.26"]
[Round "5"]
[White "Auletta, Angelo"]
[Black "Messina, Enrico"]
[Result "0-1"]
[WhiteElo "2242"]
[BlackElo "2163"]
[PlyCount "88"]
[EventDate "2012.03.22"]

1. e4 d6 2. d4 Nf6 3. Nc3 e5 4. Nf3 Nbd7 5. Bc4 Be7 6. Ng5 O-O 7. Bxf7+ Rxf7 8.
Ne6 Qe8 9. Nxc7 Qd8 10. Nxa8 b5 11. Nxb5 Qa5+ 12. Nc3 Nxe4 13. O-O Nxc3 14.
bxc3 Bb7 15. Qg4 Bf8 16. Rd1 Bxa8 17. Rb1 Qxa2 18. Be3 Qxc2 19. Rbc1 Qe4 20.
Qxe4 Bxe4 21. f3 Bg6 22. dxe5 Nxe5 23. Ra1 Rc7 24. Bd4 Nc6 25. Be3 Bf7 26. Bf4
Ne5 27. Ra5 Nc6 28. Rc5 dxc5 29. Bxc7 Be6 30. Kf2 Kf7 31. Ke3 Ke8 32. g4 g6 33.
Bd6 Bb3 34. Rd2 Na5 35. Bxf8 Nc4+ 36. Ke2 Nxd2 37. Bxc5 Nb1 38. Bb4 Kd7 39. Kd3
Bd1 40. h3 Bxf3 41. g5 Kc6 42. c4 Kb6 43. Kc2 Be4+ 44. Kb3 a5 0-1

[Event "IV Torneo Parthenope"]
[Site "Napoli ITA"]
[Date "2012.04.26"]
[Round "5"]
[White "Borrelli, Salvatore"]
[Black "Di Meo, Antonio"]
[Result "1/2-1/2"]
[WhiteElo "1960"]
[BlackElo "1951"]
[PlyCount "116"]
[EventDate "2012.03.22"]

1. Nf3 Nf6 2. g3 g6 3. Bg2 Bg7 4. O-O O-O 5. d3 d5 6. Nbd2 c6 7. e4 dxe4 8.
dxe4 Bg4 9. h3 Bxf3 10. Qxf3 Qc7 11. Nc4 Nbd7 12. Bf4 e5 13. Bg5 h6 14. Be3 b5
15. Nd2 Rfd8 16. a4 Nf8 17. Qe2 Ne6 18. axb5 cxb5 19. c3 Ne8 20. Ra2 Nd6 21.
Rfa1 a5 22. h4 a4 23. Bf1 Rac8 24. Bh3 f5 25. exf5 gxf5 26. Qh5 Qf7 27. Qxf7+
Kxf7 28. Bb6 Rd7 29. Bg2 e4 30. Be3 Kg6 31. f3 exf3 32. Bxf3 Nc5 33. Be2 Re7
34. Bxc5 Rxc5 35. Kf2 Rce5 36. Re1 Re3 37. Raa1 R3e6 38. Bf3 Ne4+ 39. Nxe4 fxe4
40. Be2 e3+ 41. Kg2 Re5 42. Rad1 Kf7 43. Rd3 Rf5 44. Rf1 Rxf1 45. Kxf1 b4 46.
cxb4 Bxb2 47. Bf3 a3 48. Ke2 Kg7 49. Bd5 Bc1 50. b5 Rc7 51. Bb3 a2 52. Bxa2
Rc2+ 53. Ke1 Rxa2 54. Rb3 Rb2 55. Rxb2 Bxb2 56. b6 Be5 57. g4 Bf4 58. b7 Kf6
1/2-1/2

[Event "IV Torneo Parthenope"]
[Site "Napoli ITA"]
[Date "2012.04.26"]
[Round "5"]
[White "Caporali, Dante"]
[Black "Vena, Alessio"]
[Result "1/2-1/2"]
[WhiteElo "1706"]
[BlackElo "1898"]
[PlyCount "105"]
[EventDate "2012.03.22"]

1. d4 Nf6 2. c4 c5 3. d5 b5 4. cxb5 a6 5. bxa6 Bxa6 6. Nf3 d6 7. Nc3 g6 8. g3
Bg7 9. Bg2 O-O 10. O-O Nbd7 11. Qc2 Qa5 12. Rd1 Rfb8 13. Rb1 Ng4 14. Bd2 Nde5
15. b3 Qc7 16. h3 Nxf3+ 17. Bxf3 Ne5 18. Bg2 Rb7 19. Bf1 Rab8 20. Kg2 c4 21. f4
cxb3 22. axb3 Nd7 23. Rdc1 Qc5 24. e4 Bxf1+ 25. Kxf1 Rxb3 26. Rxb3 Qc4+ 27. Ne2
Qxb3 28. Qxb3 Rxb3 29. Rc8+ Bf8 30. Kf2 Nc5 31. Nc3 Rb2 32. Ke3 Rc2 33. Ra8 Nb3
34. Ra2 Rxd2 35. Rxd2 Nxd2 36. Kxd2 Bg7 37. Nb5 h5 38. Kd3 Bf8 39. e5 Kg7 40.
Ke4 f6 41. e6 f5+ 42. Ke3 Kg8 43. Nd4 Bg7 44. Nf3 Bf6 45. h4 Kf8 46. Kd3 Ke8
47. Kc4 Kd8 48. Kb5 Kc7 49. Nd2 Bc3 50. Nf3 Kb7 51. Kc4 Bf6 52. Kb5 Bc3 53. Kc4
1/2-1/2

[Event "IV Torneo Parthenope"]
[Site "Napoli ITA"]
[Date "2012.04.26"]
[Round "5"]
[White "Farina, Walter"]
[Black "Miccoli, Livio"]
[Result "1-0"]
[WhiteElo "1640"]
[BlackElo "1641"]
[PlyCount "85"]
[EventDate "2012.03.22"]

1. e4 e6 2. d4 d5 3. Nc3 Nf6 4. Bg5 Be7 5. e5 Nfd7 6. h4 c5 7. f4 cxd4 8. Qxd4
Nc6 9. Qd2 Qb6 10. Bxe7 Nxe7 11. O-O-O O-O 12. Nf3 Nc5 13. g4 Bd7 14. Nd4 Rfc8
15. h5 a6 16. Bd3 Rc7 17. f5 Na4 18. Nxa4 Qxd4 19. f6 Bxa4 20. fxe7 Qxe5 21.
Rde1 Qd6 22. Qa5 Bc6 23. h6 g6 24. Qc3 Qf4+ 25. Kb1 d4 26. Qb4 Bxh1 27. Rxh1
Re8 28. a4 Rcxe7 29. Be2 e5 30. Qd6 Qg5 31. Qd5 Qf6 32. Rf1 Qe6 33. Qf3 Rc8 34.
b3 Qc6 35. Qd3 e4 36. Qd1 Rec7 37. Bc4 Rd8 38. Qe2 d3 39. cxd3 b5 40. Qb2 Kf8
41. Qg7+ Ke7 42. Rxf7+ Kd6 43. Qd4+ 1-0

[Event "IV Torneo Parthenope"]
[Site "Napoli ITA"]
[Date "2012.04.26"]
[Round "5"]
[White "Gallo, Thomas Renato"]
[Black "Avolio, Giovanni"]
[Result "1/2-1/2"]
[WhiteElo "1879"]
[BlackElo "1905"]
[PlyCount "65"]
[EventDate "2012.03.22"]

1. d4 Nf6 2. Bf4 d6 3. Nf3 g6 4. h3 Bg7 5. e3 O-O 6. Be2 Nbd7 7. O-O c5 8. c3
b6 9. Nbd2 Bb7 10. Qc2 Rc8 11. Rac1 cxd4 12. exd4 Nd5 13. Bh2 Nb4 14. Qa4 Nc6
15. Rfd1 Qc7 16. Ng5 Nf6 17. Bf3 Na5 18. Nge4 Bc6 19. Nxf6+ Bxf6 20. Bxc6 Qxc6
21. Qxc6 Rxc6 22. Re1 Rc7 23. Ne4 Bg7 24. Re2 Bxd4 25. Nxd6 exd6 26. Bxd6 Rcc8
27. Bxf8 Kxf8 28. Rd1 Bg7 29. Rd7 Nc6 30. Re4 Bf6 31. Rc4 Be7 32. Rb7 Bd8 33.
b4 1/2-1/2

[Event "IV Torneo Parthenope"]
[Site "Napoli ITA"]
[Date "2012.04.26"]
[Round "5"]
[White "Grasso, Nino"]
[Black "Cosenza, Gianni"]
[Result "1-0"]
[WhiteElo "2010"]
[BlackElo "1953"]
[PlyCount "70"]
[EventDate "2012.03.22"]

1. e4 e6 2. d4 d5 3. Nc3 Nf6 4. Bg5 Be7 5. e5 Nfd7 6. h4 h6 7. Qh5 g6 8. Bxe7
Qxe7 9. Qg4 a6 10. f4 c5 11. dxc5 Qxc5 12. Bd3 Qe7 13. Nf3 Nc6 14. O-O-O b5 15.
Rhe1 Bb7 16. Nxd5 Ncxe5 17. Nc7+ Kd8 18. Nxe5 Kxc7 19. Nxd7 Qxd7 20. Bxg6 Bd5
21. f5 fxg6 22. fxe6 Qc6 23. Qf4+ Kb7 24. Qe5 Bxe6 25. Rd6 Qc4 26. Rxe6 Rac8
27. Re7+ Kb6 28. Qe6+ Rc6 29. Qe3+ Ka5 30. Qd2+ Kb6 31. Qf2+ Ka5 32. Kb1 Rhc8
33. c3 Qd3+ 34. Qc2 Rd8 35. b4+ 35... Kb6 {...} 1-0

[Event "IV Torneo Parthenope"]
[Site "Napoli ITA"]
[Date "2012.04.26"]
[Round "5"]
[White "Schiappoli, Dario"]
[Black "Supino, Domenico"]
[Result "0-1"]
[WhiteElo "1953"]
[BlackElo "2085"]
[PlyCount "84"]
[EventDate "2012.03.22"]

1. e4 e6 2. Nf3 d5 3. e5 c5 4. b4 b6 5. c3 Bd7 6. a3 Nc6 7. Bd3 Nge7 8. Bc2 Ng6
9. d4 cxd4 10. cxd4 Rc8 11. Be3 f5 12. h4 Be7 13. Nbd2 a5 14. b5 Na7 15. a4
Rxc2 16. Qxc2 f4 17. Bxf4 Nxf4 18. g3 Ng6 19. Qd3 O-O 20. Rc1 Nc8 21. Rc2 Rf5
22. h5 Nf8 23. Nh4 Rf7 24. Ndf3 Bb4+ 25. Ke2 Ne7 26. Ng5 Rf5 27. Nxf5 Nxf5 28.
f4 h6 29. Nh3 Qe8 30. g4 Ne7 31. Kd1 Nh7 32. Ng1 Qd8 33. Nf3 Be8 34. f5 Bf7 35.
Rg2 Qe8 36. f6 gxf6 37. exf6 Nxf6 38. g5 hxg5 39. Nxg5 Bxh5+ 40. Nf3+ Kf8 41.
Qe3 Nf5 42. Qf4 Bd6 0-1

[Event "IV Torneo Parthenope"]
[Site "Napoli ITA"]
[Date "2012.04.26"]
[Round "5"]
[White "Sgammato, Francesco"]
[Black "Zinnai, Graziano Matteo"]
[Result "0-1"]
[WhiteElo "1722"]
[BlackElo "1989"]
[PlyCount "51"]
[EventDate "2012.03.22"]

1. c4 c6 2. Nc3 d5 3. d4 Nf6 4. cxd5 cxd5 5. Bf4 Nc6 6. e3 e6 7. Nf3 Bd6 8. Ne5
Qc7 9. Bb5 Nd7 10. Qg4 Ndxe5 11. Qxg7 Ng6 12. Bxd6 Qxd6 13. h4 Qf8 14. Qf6 Qe7
15. Qg7 f5 16. Qh6 Qf8 17. Qh5 Qf7 18. Qf3 Bd7 19. O-O-O a6 20. Ba4 Na5 21. Kb1
Rc8 22. h5 Nf8 23. Qf4 Nc4 24. g4 Bxa4 25. Nxa4 fxg4 26. Qxg4 0-1

[Event "IV Torneo Parthenope"]
[Site "Napoli ITA"]
[Date "2012.04.26"]
[Round "5"]
[White "Somma, Andrea"]
[Black "Caiazzo, Diego"]
[Result "1/2-1/2"]
[WhiteElo "1807"]
[BlackElo "1871"]
[PlyCount "83"]
[EventDate "2012.03.22"]

1. e4 e6 2. d3 c5 3. Nf3 d6 4. g3 Nf6 5. Bg2 Be7 6. O-O O-O 7. Re1 Nc6 8. c3 e5
9. a3 a5 10. a4 b6 11. Na3 Ba6 12. Nb5 Na7 13. Qb3 Nxb5 14. axb5 Bb7 15. Nh4 g6
16. f4 Nh5 17. Nf3 exf4 18. gxf4 Ng7 19. Rf1 Qd7 20. Nd2 Qe6 21. Qxe6 Nxe6 22.
Nc4 Ra7 23. Nxb6 Nc7 24. Nd7 Nxb5 25. Nxf8 Bxf8 26. f5 Bc6 27. fxg6 hxg6 28.
Bg5 a4 29. Bf6 Bg7 30. e5 Bxg2 31. Kxg2 dxe5 32. Rae1 Bxf6 33. Rxf6 a3 34. bxa3
Nxc3 35. Rxe5 Rxa3 36. Rxc5 Kg7 37. Rf1 Ne2 38. Kf3 Nd4+ 39. Ke4 Nb3 40. Rfc1
Nxc1 41. Rxc1 f5+ 42. Ke3 1/2-1/2

[Event "IV Torneo Parthenope"]
[Site "Napoli ITA"]
[Date "2012.04.26"]
[Round "5"]
[White "Vannini, Aldo"]
[Black "Di Gennaro, Antonio"]
[Result "0-1"]
[WhiteElo "1798"]
[BlackElo "1672"]
[PlyCount "42"]
[EventDate "2012.03.22"]

1. d4 d5 2. Bf4 Nf6 3. e3 c5 4. c3 Qb6 5. Qc2 Nc6 6. Nd2 g6 7. Ngf3 Bf5 8. Qc1
Bg7 9. Be2 O-O 10. h3 Rac8 11. O-O h6 12. Nb3 Nd7 13. g4 Be6 14. Rb1 g5 15. Bg3
a5 16. Qd1 f5 17. dxc5 Nxc5 18. Nbd4 Nxd4 19. cxd4 Ne4 20. Bh2 Bd7 21. gxf5
21... Bxf5 {...} 0-1

[Event "IV Torneo Parthenope"]
[Site "Napoli ITA"]
[Date "2012.04.26"]
[Round "5"]
[White "Vena, Antonio"]
[Black "Esposito, Rosario"]
[Result "0-1"]
[WhiteElo "1778"]
[BlackElo "1854"]
[PlyCount "54"]
[EventDate "2012.03.22"]

1. e4 c5 2. Nf3 e6 3. d3 Nc6 4. g3 g6 5. Bg2 Bg7 6. O-O Nge7 7. c3 d6 8. Be3
O-O 9. d4 cxd4 10. cxd4 Bd7 11. Nc3 a6 12. d5 exd5 13. Nxd5 Nxd5 14. exd5 Ne5
15. Qb3 Bb5 16. Rfd1 Be2 17. Nxe5 Bxd1 18. Rxd1 Bxe5 19. f4 Bg7 20. Bh3 b5 21.
Kf2 Re8 22. f5 gxf5 23. Bxf5 Qf6 24. Qd3 Re5 25. g4 Rae8 26. Re1 Qh4+ 27. Kf1
Qxe1+ 0-1

[Event "IV Torneo Parthenope"]
[Site "Napoli ITA"]
[Date "2012.04.26"]
[Round "6"]
[White "Ambrosio, Giuseppe"]
[Black "Farina, Walter"]
[Result "1-0"]
[WhiteElo "2079"]
[BlackElo "1640"]
[PlyCount "75"]
[EventDate "2012.03.22"]

1. d4 c6 2. c4 d5 3. Nc3 e5 4. dxe5 d4 5. Ne4 Qa5+ 6. Nd2 Qxe5 7. Ngf3 Qd6 8.
g3 Nf6 9. Bg2 Be7 10. O-O O-O 11. Nb3 c5 12. Bf4 Qb6 13. Qc2 Nc6 14. a3 Rd8 15.
Nc1 Bd6 16. Bg5 Be7 17. h3 Qc7 18. g4 Ne5 19. Nxe5 Qxe5 20. Bh4 Qc7 21. Nd3 Rb8
22. b4 b6 23. b5 Bb7 24. a4 Bxg2 25. Kxg2 Ne8 26. Bxe7 Qxe7 27. Nf4 Nc7 28. a5
Ra8 29. Ra2 Qe5 30. Qd2 Qe4+ 31. f3 Qb7 32. Rfa1 g6 33. h4 h6 34. Nd3 Ne6 35.
Qxh6 Re8 36. Nf2 Ng7 37. Ne4 Re6 38. Ng5 1-0

[Event "IV Torneo Parthenope"]
[Site "Napoli ITA"]
[Date "2012.04.26"]
[Round "6"]
[White "Avolio, Giovanni"]
[Black "Grasso, Nino"]
[Result "0-1"]
[WhiteElo "1905"]
[BlackElo "2010"]
[PlyCount "70"]
[EventDate "2012.03.22"]

1. c4 e5 2. Nc3 Nf6 3. g3 d5 4. cxd5 Nxd5 5. Bg2 Nb6 6. Nf3 Nc6 7. O-O Be7 8.
d3 O-O 9. a3 Be6 10. b4 f6 11. Rb1 Qd7 12. Re1 Rfe8 13. Ne4 Nd5 14. Bd2 Nd4 15.
e3 Nxf3+ 16. Bxf3 b6 17. Qc2 Rad8 18. Red1 f5 19. Nc3 c5 20. bxc5 Bxc5 21. Nxd5
Bxd5 22. e4 Be6 23. Bb4 Rc8 24. Qe2 Bd4 25. Rdc1 a5 26. Bd2 Qa4 27. Rxc8 Rxc8
28. exf5 Bxf5 29. Bd5+ Kh8 30. Qf3 Bg6 31. h4 Qxa3 32. h5 Qxd3 33. Qd1 Qxg3+
34. Bg2 Bxf2+ 35. Kh1 Qh4+ 0-1

[Event "IV Torneo Parthenope"]
[Site "Napoli ITA"]
[Date "2012.04.26"]
[Round "6"]
[White "Caiazzo, Diego"]
[Black "Gallo, Thomas Renato"]
[Result "0-1"]
[WhiteElo "1871"]
[BlackElo "1879"]
[PlyCount "144"]
[EventDate "2012.03.22"]

1. Nf3 d5 2. b3 Nf6 3. Bb2 b6 4. e3 a6 5. Be2 e6 6. O-O Be7 7. d4 Bb7 8. c4 c6
9. Nc3 Nbd7 10. cxd5 cxd5 11. Rc1 O-O 12. Qd3 Ne4 13. Qb1 Ndf6 14. Nxe4 Nxe4
15. Rfd1 Qd6 16. Ne5 Rac8 17. Qd3 Rfe8 18. Bh5 g6 19. Be2 Bf8 20. f3 Nf6 21.
Qd2 Bh6 22. Rxc8 Rxc8 23. Rc1 Nd7 24. Rxc8+ Bxc8 25. Nxd7 Qxd7 26. Qc3 Bb7 27.
Kf2 Qd6 28. g3 f5 29. f4 Bf8 30. Qc1 Kf7 31. Bd3 Be7 32. Qf1 Qb4 33. Qe2 Qa5
34. Bb1 Qb4 35. Qc2 a5 36. Qc3 Qb5 37. Bd3 Qc6 38. Ke2 h6 39. h4 g5 40. Qxc6
Bxc6 41. hxg5 hxg5 42. fxg5 Kg6 43. g4 Kxg5 44. gxf5 exf5 45. Kf3 Be8 46. Bc1
Bh5+ 47. Kf2 Kg6 48. Be2 Bh4+ 49. Kf1 Bg4 50. Bxg4 fxg4 51. e4 dxe4 52. d5 Kf5
53. Be3 Bd8 54. Kg2 b5 55. d6 Ke6 56. d7 Kxd7 57. Kg3 Ke6 58. Kf4 Kd5 59. Kxg4
Bf6 60. Bb6 Bc3 61. Kf4 Bd2+ 62. Kg3 a4 63. Ba7 axb3 64. axb3 Bc3 65. Bb6 Bd4
66. Bd8 Be3 67. Bf6 Kc5 68. Be7+ Kd4 69. Bf6+ Kd3 70. Kg4 Bd4 71. Bh4 e3 72.
Kf3 Bc3 0-1

[Event "IV Torneo Parthenope"]
[Site "Napoli ITA"]
[Date "2012.04.26"]
[Round "6"]
[White "Cosenza, Gianni"]
[Black "Sgammato, Francesco"]
[Result "1-0"]
[WhiteElo "1953"]
[BlackElo "1722"]
[PlyCount "50"]
[EventDate "2012.03.22"]

1. e4 e6 2. d4 d5 3. Nd2 dxe4 4. Nxe4 Nd7 5. Nf3 Ngf6 6. Bg5 Be7 7. Nxf6+ Nxf6
8. Bd3 c5 9. dxc5 Qa5+ 10. c3 Qxc5 11. Qe2 O-O 12. O-O h6 13. Be3 Qc7 14. Bd4
Nd5 15. g3 Bf6 16. Qe4 g6 17. h4 Bxd4 18. Qxd4 Rd8 19. Rad1 Ne7 20. Qe3 Bd7 21.
Qxh6 Nf5 22. Bxf5 exf5 23. Ng5 Be6 24. Nxe6 fxe6 25. Qxg6+ Qg7 1-0

[Event "IV Torneo Parthenope"]
[Site "Napoli ITA"]
[Date "2012.04.26"]
[Round "6"]
[White "Di Gennaro, Antonio"]
[Black "Vena, Antonio"]
[Result "0-1"]
[WhiteElo "1672"]
[BlackElo "1778"]
[PlyCount "76"]
[EventDate "2012.03.22"]

1. e4 d6 2. d4 Nf6 3. Nc3 e5 4. Nf3 Be7 5. h3 Nbd7 6. Bc4 O-O 7. O-O c6 8. a4
Qc7 9. Re1 b6 10. d5 Bb7 11. dxc6 Bxc6 12. Bb3 Nc5 13. Nd5 Nxd5 14. Bxd5 Qb7
15. c4 Bxd5 16. cxd5 a5 17. b3 Rac8 18. Ba3 Nd7 19. Rc1 Rxc1 20. Qxc1 Rc8 21.
Qb2 g6 22. Nd2 b5 23. axb5 Qxb5 24. Nc4 Nc5 25. Bxc5 Rxc5 26. Qa3 a4 27. Nd2
Qd3 28. Nf3 axb3 29. Re3 Qb1+ 30. Kh2 b2 31. Rb3 Qxe4 32. Rxb2 Qxd5 33. Qa7 Bf6
34. Rb8+ Kg7 35. Qd7 e4 36. Qe8 Be5+ 37. Nxe5 Qxe5+ 38. Qxe5+ Rxe5 0-1

[Event "IV Torneo Parthenope"]
[Site "Napoli ITA"]
[Date "2012.04.26"]
[Round "6"]
[White "Di Meo, Antonio"]
[Black "De Rosa, Francesco"]
[Result "1-0"]
[WhiteElo "1951"]
[BlackElo "1951"]
[PlyCount "83"]
[EventDate "2012.03.22"]

1. b3 e5 2. Bb2 Nc6 3. e3 d5 4. Bb5 Bd6 5. f4 Qe7 6. Nf3 Bg4 7. fxe5 Bxf3 8.
Qxf3 Bxe5 9. Bxc6+ bxc6 10. Bxe5 Qxe5 11. O-O Nf6 12. Nc3 O-O 13. Qf4 Qd6 14.
Qxd6 cxd6 15. Rf4 Rae8 16. Ra4 Re7 17. Ra6 Rc8 18. Rc1 g6 19. h3 Kg7 20. Kf2 c5
21. Rxd6 Re6 22. Rxe6 fxe6 23. d3 d4 24. Nd1 Nd5 25. g3 Rf8+ 26. Ke2 e5 27. c4
Nb4 28. a3 Nc6 29. e4 Rb8 30. Rb1 Kf6 31. Nf2 Kg5 32. Ng4 a5 33. Nh2 a4 34.
Nf3+ Kh6 35. Nd2 Kg5 36. bxa4 Rxb1 37. Nxb1 h5 38. Nd2 Na5 39. Kd1 Kf6 40. Kc2
Ke6 41. Nb3 Nxb3 42. Kxb3 1-0

[Event "IV Torneo Parthenope"]
[Site "Napoli ITA"]
[Date "2012.04.26"]
[Round "6"]
[White "Esposito, Rosario"]
[Black "Auletta, Angelo"]
[Result "1/2-1/2"]
[WhiteElo "1854"]
[BlackElo "2242"]
[PlyCount "108"]
[EventDate "2012.03.22"]

1. d4 Nf6 2. c4 g6 3. Nc3 d5 4. Bf4 Bg7 5. e3 c5 6. dxc5 Qa5 7. Qd2 dxc4 8.
Bxc4 O-O 9. Nge2 Qxc5 10. Bb3 Nc6 11. O-O Rd8 12. Qc1 Bf5 13. Bc2 Nb4 14. Bxf5
Qxf5 15. Nd4 Rxd4 16. exd4 Nd3 17. Qe3 Nxf4 18. Qxe7 b5 19. Qb7 Rd8 20. Nxb5
N6d5 21. Rae1 Qg4 22. g3 Ne2+ 23. Rxe2 Qxe2 24. Nxa7 Qe7 25. Qxe7 Nxe7 26. Nb5
Bxd4 27. Nxd4 Rxd4 28. Rb1 Nc6 29. a3 Kf8 30. Kf1 Na5 31. Ke2 Nc4 32. a4 Rd2+
33. Ke1 Rxb2 34. Rxb2 Nxb2 35. a5 Nd3+ 36. Kd2 Nc5 37. Kc3 Ke7 38. Kc4 Kd6 39.
Kb5 Kd5 40. f4 f5 41. Kb6 Kd6 42. Kb5 Ne6 43. Kb6 Nc7 44. Kb7 h6 45. h4 Ne6 46.
Kb6 Nd8 47. a6 Nc6 48. Kb7 Na5+ 49. Kb6 Nc6 50. Kb7 Kd7 51. Kb6 Kd6 52. Kb7 Kd7
53. Kb6 Kd6 54. Kb7 Kd7 1/2-1/2

[Event "IV Torneo Parthenope"]
[Site "Napoli ITA"]
[Date "2012.04.26"]
[Round "6"]
[White "Oliveri, Aldo"]
[Black "Borrelli, Salvatore"]
[Result "0-1"]
[WhiteElo "1715"]
[BlackElo "1960"]
[PlyCount "45"]
[EventDate "2012.03.22"]

1. d4 Nf6 2. c4 g6 3. Nc3 Bg7 4. Nf3 O-O 5. g3 d6 6. Bg2 a6 7. O-O Nc6 8. e3
Rb8 9. Rb1 Bf5 10. Ra1 Bd7 11. a3 Na5 12. Qe2 Be6 13. Nd2 Bc8 14. Re1 c5 15. d5
b6 16. e4 Nd7 17. Rb1 Ne5 18. b4 Nb7 19. Bb2 Bd7 20. Nf3 Qc8 21. Nxe5 dxe5 22.
Nd1 Nd6 23. Ne3 {...} 0-1

[Event "IV Torneo Parthenope"]
[Site "Napoli ITA"]
[Date "2012.04.26"]
[Round "6"]
[White "Seletsky, Grigory"]
[Black "Messina, Enrico"]
[Result "1-0"]
[WhiteElo "2325"]
[BlackElo "2163"]
[PlyCount "113"]
[EventDate "2012.03.22"]

1. e4 d6 2. d4 Nf6 3. Nc3 e5 4. Nge2 Nbd7 5. g3 Be7 6. Bg2 c6 7. a4 a5 8. h3
O-O 9. O-O Re8 10. Be3 Bf8 11. g4 exd4 12. Bxd4 Nc5 13. Ng3 Nfd7 14. f4 Qc7 15.
Qd2 b6 16. Rad1 Ba6 17. Rfe1 Rad8 18. g5 Ne6 19. Be3 g6 20. h4 h5 21. b3 Ndc5
22. Qf2 Bg7 23. Nce2 Bxe2 24. Rxe2 d5 25. exd5 cxd5 26. Rxd5 Rxd5 27. Bxd5 Qd6
28. Bg2 Bc3 29. Kh2 Rd8 30. Bc1 Qd1 31. Qf1 Qd6 32. Qf3 Ba1 33. Rd2 Qc7 34.
Rxd8+ Qxd8 35. Qd5 Qxd5 36. Bxd5 Nd4 37. f5 Nxf5 38. Nxf5 gxf5 39. g6 Ne6 40.
gxf7+ Kxf7 41. Bg5 Bf6 42. Kg3 Be7 43. Kf3 Bf6 44. Bxe6+ Kxe6 45. Bxf6 Kxf6 46.
Kf4 Ke6 47. c3 Kf6 48. b4 Ke6 49. bxa5 bxa5 50. c4 Kf6 51. c5 Ke6 52. c6 Kd6
53. Kxf5 Kxc6 54. Kg5 Kd7 55. Kxh5 Ke7 56. Kg6 Kf8 57. Kf6 1-0

[Event "IV Torneo Parthenope"]
[Site "Napoli ITA"]
[Date "2012.04.26"]
[Round "6"]
[White "Solombrino, Giovanni"]
[Black "Caporali, Dante"]
[Result "1-0"]
[WhiteElo "1822"]
[BlackElo "1706"]
[PlyCount "93"]
[EventDate "2012.03.22"]

1. e4 e6 2. d4 d5 3. Nd2 Nf6 4. e5 Nfd7 5. Bd3 c5 6. c3 Nc6 7. Ne2 f6 8. exf6
Nxf6 9. Nf3 Bd6 10. O-O O-O 11. Ng3 cxd4 12. cxd4 Bd7 13. Re1 Qc7 14. Bg5 Rac8
15. Rc1 Qb8 16. Bxf6 Rxf6 17. Bxh7+ Kxh7 18. Ng5+ Kg8 19. Qh5 Rh6 20. Qf7+ Kh8
21. Qxd7 Rd8 22. Nf7+ Kh7 23. Nxd8 Qxd8 24. Qxd8 Nxd8 25. h3 Nc6 26. Red1 Rh4
27. Ne2 g5 28. Rc3 Kg6 29. g4 Rh7 30. Kg2 Rf7 31. Rf3 Re7 32. Nc3 a6 33. a3 b5
34. Ne2 Na5 35. b4 Nc4 36. Ng3 Bxg3 37. Kxg3 Nb6 38. Kg2 Nc4 39. Re1 Kg7 40.
Rf5 exf5 41. Rxe7+ Kf6 42. Ra7 fxg4 43. hxg4 Ke6 44. Rxa6+ Kf7 45. a4 bxa4 46.
Rxa4 Ke6 47. Ra6+ 1-0

[Event "IV Torneo Parthenope"]
[Site "Napoli ITA"]
[Date "2012.04.26"]
[Round "6"]
[White "Somma, Erminio"]
[Black "Vannini, Aldo"]
[Result "0-1"]
[WhiteElo "1597"]
[BlackElo "1798"]
[PlyCount "110"]
[EventDate "2012.03.22"]

1. d4 e6 2. Nf3 d5 3. e3 Nf6 4. Bd3 c5 5. c3 Nc6 6. Nbd2 Bd6 7. O-O O-O 8. Re1
c4 9. Bc2 e5 10. dxe5 Bxe5 11. Nxe5 Nxe5 12. h3 b5 13. Nf3 Nxf3+ 14. Qxf3 Re8
15. Bd2 Ne4 16. Bxe4 dxe4 17. Qg3 Qxd2 18. Rab1 Qd8 19. Red1 Qe7 20. Rd5 Be6
21. Rd4 f5 22. Qe5 Qf6 23. Qxb5 h5 24. Rbd1 Rab8 25. Qa5 Rxb2 26. Qxa7 Qh4 27.
R1d2 Rxd2 28. Rxd2 Rd8 29. Qb6 Rxd2 30. Qxe6+ Kh8 31. Qxf5 Qf6 32. Qxh5+ Kg8
33. Qe8+ Qf8 34. Qe6+ Kh8 35. Qxe4 Qxf2+ 36. Kh2 Qf8 37. Qh4+ Kg8 38. Qxc4+ Qf7
39. Qc8+ Kh7 40. a4 Qf2 41. Qg4 Qxe3 42. a5 Qe5+ 43. Kh1 Qe1+ 44. Kh2 Qe5+ 45.
Kh1 Ra2 46. Qd1 Rxa5 47. Qd3+ Qf5 48. Qg3 Qg5 49. Qd3+ Kh8 50. Qf1 Rf5 51. Qg1
Qf6 52. Qe3 Qe5 53. Qd3 Qf6 54. Kh2 Rf1 55. Qe2 Qf4+ 0-1

[Event "IV Torneo Parthenope"]
[Site "Napoli ITA"]
[Date "2012.04.26"]
[Round "6"]
[White "Supino, Domenico"]
[Black "Somma, Andrea"]
[Result "1-0"]
[WhiteElo "2085"]
[BlackElo "1807"]
[PlyCount "111"]
[EventDate "2012.03.22"]

1. d4 d5 2. c4 c6 3. Nf3 Nf6 4. e3 e6 5. b3 Nbd7 6. Bd3 Ne4 7. O-O Bd6 8. Bb2
O-O 9. Nbd2 f5 10. Ne5 Qc7 11. Ndf3 Rf6 12. c5 Be7 13. Rc1 h6 14. Ne1 Nxe5 15.
dxe5 Rf8 16. b4 b6 17. Bd4 bxc5 18. bxc5 Qa5 19. Qc2 Rb8 20. g3 Ng5 21. h4 Nf7
22. Ng2 g5 23. Qe2 Qc7 24. Qh5 Kg7 25. f4 g4 26. Bxf5 exf5 27. e6+ Bf6 28. Qxf5
Bxd4 29. Qxg4+ Kh8 30. exd4 Rg8 31. Qe2 Nd8 32. e7 Ne6 33. e8=Q Rxe8 34. Qh5
Ba6 35. Rfe1 Qg7 36. Re5 Nc7 37. Rce1 Rxe5 38. Rxe5 Rb1+ 39. Kh2 Rb2 40. Rg5
Qf8 41. Rf5 Qg7 42. Rf7 Ne6 43. Rxg7 Nxg7 44. Qxh6+ Kg8 45. Qxc6 Bf1 46. Qxd5+
Kf8 47. c6 Rxg2+ 48. Qxg2 Bxg2 49. Kxg2 Ne8 50. Kf3 Nd6 51. g4 Ke7 52. d5 Nf7
53. Ke4 Kd6 54. g5 a5 55. h5 a4 56. h6 1-0

[Event "IV Torneo Parthenope"]
[Site "Napoli ITA"]
[Date "2012.04.26"]
[Round "6"]
[White "Vena, Alessio"]
[Black "Buiano, Fabio"]
[Result "1-0"]
[WhiteElo "1898"]
[BlackElo "2054"]
[PlyCount "47"]
[EventDate "2012.03.22"]

1. e4 c5 2. Nf3 g6 3. g3 Bg7 4. Bg2 Nc6 5. O-O e6 6. c3 d5 7. exd5 exd5 8. Re1+
Nge7 9. d4 cxd4 10. Nxd4 Nxd4 11. cxd4 O-O 12. Bg5 f6 13. Bf4 Kh8 14. Nc3 Bf5
15. Qb3 Qd7 16. Nxd5 Be6 17. Nb6 axb6 18. Rxe6 Nc6 19. Rd6 Qe7 20. Bxc6 bxc6
21. Rxc6 Qe4 22. d5 Rad8 23. Rd1 f5 24. Re6 1-0